| 000 | 01437cam a22003977a 4500 | ||
|---|---|---|---|
| 003 | CHAP | ||
| 005 | 20220329142607.0 | ||
| 008 | 020228d2001 mx r 00110 spa d | ||
| 010 | _a85413 | ||
| 011 | _a86385 | ||
| 035 | _a96923 | ||
| 040 | _cCHAP | ||
| 090 | _aTesis | ||
| 100 | 0 | 0 |
_aPineda Manrique, Reina. _988157 |
| 245 | 1 | 0 |
_aModelo de redes de valor del estado de Chiapas _c/por Reina Pineda Manrique |
| 260 |
_aChapingo, Méx. : _bEl autor, _c2001. |
||
| 300 |
_a137 h. ; _bgráfs. ; cuadros |
||
| 502 | _aTesis (M.C. en Economía del Desarrollo Rural) -- UACH. División de Ciencias Económico Administrativas | ||
| 590 |
_aALEPH _b10 _c20130110 _lUCH01 _h1446 |
||
| 590 |
_aBATCH-UPD _b10 _c20130110 _lUCH01 _h0340 |
||
| 590 |
_aBATCH-UPD _b10 _c20130110 _lUCH01 _h1949 |
||
| 590 |
_aBATCH-UPD _b10 _c20130410 _lUCH01 _h0013 |
||
| 590 |
_aBATCH-UPD _b10 _c20130410 _lUCH01 _h1524 |
||
| 590 |
_aBATCH-UPD _b10 _c20130914 _lUCH01 _h0812 |
||
| 590 |
_aCONVERSION _b10 _c20130109 _lUCH01 _h1347 |
||
| 650 | 1 | 4 |
_aCafé _xInvestigación. _917161 |
| 650 | 1 | 4 |
_aMaíz _xInvestigación. _970984 |
| 650 | 1 | 4 |
_aProductos agrícolas _xMercadeo _zChiapas. _991997 |
| 650 | 1 | 4 |
_aProgramación lineal. _992371 |
| 650 | 1 | 4 |
_aRedes de valor. _995384 |
| 901 | _aBK | ||
| 905 | _aMayto Villalobos S. | ||
| 942 | _cFOLL | ||
| 949 |
_aTesis _bBC _cTES _d33724000861662 _eTS2 _fc.2 _h39244 _i96923 _sb |
||
| 949 |
_aTesis _bBC _cTES _d969231 _eTS1 _h39243 _i96923 _sb |
||
| 999 |
_c85413 _d85413 |
||